Statistics for European Countries by Borders in 15 Seconds (with a map)

Click here to take the quiz!

General Stats

  • This quiz has been taken 2,040 times
  • The average score is 35 of 45

Answers on the Map

Answers color-coded by a green-red scale on the quiz's map according to % correct below.
Loading ...
 

Answer Stats

Country % Correct
France
98%
Switzerland
97%
Spain
96%
Germany
96%
Russia
95%
Poland
95%
Norway
93%
Belarus
93%
Ukraine
93%
Italy
93%
Finland
93%
Austria
91%
Belgium
91%
Luxembourg
91%
Lithuania
90%
Latvia
87%
Estonia
85%
Ireland
85%
Czech
Republic
85%
United
Kingdom
85%
Andorra
84%
Hungary
84%
Slovenia
82%
Bulgaria
80%
Romania
80%
Serbia
79%
Denmark
75%
Macedonia
75%
Netherlands
75%
Sweden
73%
San Marino
70%
Vatican City
69%
Portugal
68%
Croatia
67%
Greece
64%
Bosnia and
Herzegovina
63%
Albania
63%
Monaco
61%
Montenegro
60%
Slovakia
59%
Moldova
56%
Kosovo
56%
Iceland
46%
Liechtenstein
35%
Malta
21%

Score Distribution

Percentile by Number Answered

Percent of People with Each Score

Your Score History

You have not taken this quiz